|
|
|
|
| LEADER |
01557nam a22003734a 4500 |
| 001 |
EBC3570632 |
| 003 |
MiAaPQ |
| 005 |
20200520144314.0 |
| 006 |
m o d | |
| 007 |
cr cn||||||||| |
| 008 |
010124s2001 moub sb 001 0 eng |
| 010 |
|
|
|z 2001018917
|
| 020 |
|
|
|z 0826213154 (alk. paper)
|
| 035 |
|
|
|a (MiAaPQ)EBC3570632
|
| 035 |
|
|
|a (Au-PeEL)EBL3570632
|
| 035 |
|
|
|a (CaPaEBR)ebr10001634
|
| 035 |
|
|
|a (OCoLC)56424855
|
| 040 |
|
|
|a MiAaPQ
|c MiAaPQ
|d MiAaPQ
|
| 050 |
|
4 |
|a HF1456.5.P3
|b P56 2001
|
| 082 |
0 |
4 |
|a 337.7309
|2 21
|
| 100 |
1 |
|
|a Pletcher, David M.
|
| 245 |
1 |
4 |
|a The diplomacy of involvement
|h [electronic resource] :
|b American economic expansion across the Pacific, 1784-1900 /
|c David M. Pletcher.
|
| 260 |
|
|
|a Columbia, Mo. :
|b University of Missouri Press,
|c c2001.
|
| 300 |
|
|
|a xi, 379 p. :
|b maps.
|
| 504 |
|
|
|a Includes bibliographical references (p. 318-368) and index.
|
| 533 |
|
|
|a Electronic reproduction. Ann Arbor, MI : ProQuest, 2016. Available via World Wide Web. Access may be limited to ProQuest affiliated libraries.
|
| 651 |
|
0 |
|a United States
|x Foreign economic relations
|z Pacific Area.
|
| 651 |
|
0 |
|a Pacific Area
|x Foreign economic relations
|z United States.
|
| 651 |
|
0 |
|a United States
|x Foreign relations
|z Pacific Area.
|
| 651 |
|
0 |
|a Pacific Area
|x Foreign relations
|z United States.
|
| 651 |
|
0 |
|a United States
|x Commercial policy
|x History.
|
| 655 |
|
4 |
|a Electronic books.
|
| 710 |
2 |
|
|a ProQuest (Firm)
|
| 856 |
4 |
0 |
|u https://ebookcentral.proquest.com/lib/matrademy/detail.action?docID=3570632
|z Click to View
|